00592 2200205 4500001002100000005001500021008004100036020002200077035001900099041000700118082001500125090002100140100001200161245006600173260004100239300002500280990002700305990002700332990002700359INLIS00000000003205720241224133336241224||||||||| | ||| |||| || |  a978-979-27-9156-3 0010-1224032057 aid0 a617.102.62 a617.102.62 PAP w0 aPapyrus00aWhy, Emergency Treatment, Pertolongan Pertama Pada Kecelakaan aJakartabElex Media Komputindoc2010 a159 hlm.:ilus.;24cm. a1.3.5.01.01.07.001.003 a1.3.5.01.01.07.001.002 a1.3.5.01.01.07.001.001